BIBLIOTECA PODER JUDICIAL
Portal Judicial TDF

El delito de lavado de activos / (Registro nro. 6084)

000 -LEADER
fixed length control field 01260nab a22002057a 4500
003 - CONTROL NUMBER IDENTIFIER
control field OSt
005 - DATE AND TIME OF LATEST TRANSACTION
control field 20260121191817.0
008 - FIXED-LENGTH DATA ELEMENTS--GENERAL INFORMATION
fixed length control field 190502c xxu||||| |||| 00| 0 spa d
040 ## - CATALOGING SOURCE
Transcribing agency PJ
100 ## - MAIN ENTRY--PERSONAL NAME
9 (RLIN) 6860
Personal name Oclander, Martín Ignacio
245 13 - TITLE STATEMENT
Title El delito de lavado de activos /
Statement of responsibility, etc Martín Ignacio Oclander.
260 ## - PUBLICATION, DISTRIBUTION, ETC. (IMPRINT)
Place of publication, distribution, etc Ciudad Autónoma de Buenos Aires :
Name of publisher, distributor, etc Thomson Reuters La Ley,
Date of publication, distribution, etc 2024.
300 ## - PHYSICAL DESCRIPTION
Extent p. 17-28
505 ## - FORMATTED CONTENTS NOTE
Formatted contents note Sumario: I. Tipo objetivo.— II. Tipo subjetivo.— III. Autonomía del delito de lavado de activos.— IV. Delito continuado. Ley aplicable a los hechos iniciados antes de la reforma introducida por la ley 26.683.— V. El delito de lavado de activos atenuado por el monto blanqueado (art. 303, inc. 4, Cód. Penal).— VI. El delito de lavado de activos agravado por la habitualidad de la conducta o por actuar en forma organizada (art. 303, inc. 2, a, Cód. Penal).— VII. Figuras relacionadas.<br/><br/>
505 ## - FORMATTED CONTENTS NOTE
Title ¿Te interesa el texto completo? Solicitalo al correo: koha@justierradelfuego.gov.ar
650 #0 - SUBJECT ADDED ENTRY--TOPICAL TERM
9 (RLIN) 343
Topical term or geographic name as entry element DERECHO PENAL
650 #0 - SUBJECT ADDED ENTRY--TOPICAL TERM
9 (RLIN) 3064
Topical term or geographic name as entry element LAVADO DE ACTIVOS
773 0# - HOST ITEM ENTRY
Host Biblionumber 2729
Host Itemnumber 3180
Place, publisher, and date of publication Buenos Aires : LexisNexis, 2006-
Title Revista de derecho penal y procesal penal. Nº 7 - Julio 2024
International Standard Book Number 9875920622
942 ## - ADDED ENTRY ELEMENTS (KOHA)
Source of classification or shelving scheme
Koha item type Analítica Artículo de Revista

No hay ítems disponibles.

12 de Octubre 789 Ushuaia - Tel:  54(02901)441571
Horario de Atención: 8.00 a 17.00 hs. 
bibliotecaush@justierradelfuego.gov.ar
koha@justierradelfuego.gov.ar
Seguinos en nuestras redes @bibliojustdf 

Con tecnología Koha